000 00362nam a2200169Ia 4500
100 _aShinn/George
650 _aPhilosophy
942 _cBK
366 _f25
654 _amotivation
245 _aThe Miracle of Motivation
260 _bBetter Yourself Books
_aBandra
_c1981
082 _a170/SHI
_bSHI
300 _a247
546 _aENGLISH
999 _c22183
_d22183